Online katalóg knižníc regiónu Turca

Prešibaný lišiak (Record no. 21448)

MARC details
000 -LEADER
fixed length control field 01741cam a2200493 a 4500
001 - CONTROL NUMBER
control field 21448
003 - CONTROL NUMBER IDENTIFIER
control field VRT
005 - DATE AND TIME OF LATEST TRANSACTION
control field 20260302122515.0
008 - FIXED-LENGTH DATA ELEMENTS--GENERAL INFORMATION
fixed length control field 240709s1998 xo af br 000 j slo
015 ## - NATIONAL BIBLIOGRAPHY NUMBER
National bibliography number SNBA1999/04-01443
020 ## - INTERNATIONAL STANDARD BOOK NUMBER
International Standard Book Number 8085568926
Qualifying information (brožované)
035 ## - SYSTEM CONTROL NUMBER
System control number SNK000306957
035 ## - SYSTEM CONTROL NUMBER
System control number urn:nbn:sk:snk-amkism
035 ## - SYSTEM CONTROL NUMBER
System control number urn:nbn:sk:snk-am00161y
035 ## - SYSTEM CONTROL NUMBER
System control number A3DE7F93-BC82-4280-9101-DB1F3A086909
039 #9 - LEVEL OF BIBLIOGRAPHIC CONTROL AND CODING DETAIL [OBSOLETE]
Level of rules in bibliographic description 202408211435
Level of effort used to assign nonsubject heading access points msnk160
Level of effort used to assign subject headings 202408211430
Level of effort used to assign classification msnk160
Level of effort used to assign subject headings 202408211430
Level of effort used to assign classification msnk160
Level of effort used to assign subject headings 202408211425
Level of effort used to assign classification msnk160
040 ## - CATALOGING SOURCE
Original cataloging agency SNK
Language of cataloging slo
Transcribing agency SNK
Description conventions AACR2
041 0# - LANGUAGE CODE
Language code of text/sound track or separate title slo
044 ## - COUNTRY OF PUBLISHING/PRODUCING ENTITY CODE
MARC country code xo
ISO country code SK
072 #7 - SUBJECT CATEGORY CODE
Subject category code 821.162.4-1
Subject category code subdivision Slovenská poézia
Source konspekt
072 #7 - SUBJECT CATEGORY CODE
Subject category code 821-93
Subject category code subdivision Literatúra pre deti a mládež (beletria)
Source konspekt
080 ## - UNIVERSAL DECIMAL CLASSIFICATION NUMBER
Universal Decimal Classification number 821.162.4-34
Edition identifier 2011
080 ## - UNIVERSAL DECIMAL CLASSIFICATION NUMBER
Universal Decimal Classification number 82-34:808.1
Edition identifier 2011
080 ## - UNIVERSAL DECIMAL CLASSIFICATION NUMBER
Universal Decimal Classification number (0.025.2)
Edition identifier 2011
080 ## - UNIVERSAL DECIMAL CLASSIFICATION NUMBER
Universal Decimal Classification number 82-1-053.2
Edition identifier 2011
080 ## - UNIVERSAL DECIMAL CLASSIFICATION NUMBER
Universal Decimal Classification number 82-93-053.4/.5
Edition identifier 2011
100 1# - MAIN ENTRY--PERSONAL NAME
Personal name Moravčík, Štefan,
Dates associated with a name 1943-
Relationship aut
245 10 - TITLE STATEMENT
Title Prešibaný lišiak
Statement of responsibility, etc. [ilustrácie: R. Mazal ; text: Š. Moravčík]
260 ## - PUBLICATION, DISTRIBUTION, ETC.
Place of publication, distribution, etc. Bratislava
Name of publisher, distributor, etc. Eurounion Junior
Date of publication, distribution, etc. 1998
300 ## - PHYSICAL DESCRIPTION
Extent [19] nečíslovaných strán
Other physical details farebné ilustrácie
Dimensions 25 cm
655 #7 - INDEX TERM--GENRE/FORM
Genre/form data or focus term slovenské rozprávky
Source of term SNKPH
655 #7 - INDEX TERM--GENRE/FORM
Genre/form data or focus term autorské rozprávky
Source of term SNKPH
655 #7 - INDEX TERM--GENRE/FORM
Genre/form data or focus term ilustrované publikácie
Source of term SNKPH
655 #7 - INDEX TERM--GENRE/FORM
Genre/form data or focus term literatúra pre deti
Source of term SNKPH
655 #7 - INDEX TERM--GENRE/FORM
Genre/form data or focus term leporelá
Source of term SNKPH
655 #7 - INDEX TERM--GENRE/FORM
Genre/form data or focus term poézia pre deti
Source of term SNKPH
700 1# - ADDED ENTRY--PERSONAL NAME
Personal name Mazal, Rudolf
Relationship ill
942 ## - ADDED ENTRY ELEMENTS (KOHA)
Source of classification or shelving scheme Dewey Decimal Classification
Koha item type Krásna literatúra pre deti
Suppress in OPAC No
949 ## - LOCAL PROCESSING INFORMATION (OCLC)
6 2889362631
a savukPV 1611
949 ## - LOCAL PROCESSING INFORMATION (OCLC)
6 17A0179788
a snkSC 97693
b snkKSP 1145/99
s 6100:20140925
949 ## - LOCAL PROCESSING INFORMATION (OCLC)
6 17A0179790
a snkSC 97693 D1
b snkKSP 1146/99
Holdings
Stav vyradenia Strata Poškodenie Spôsob nadobudnutia Domovská knižnica Aktuálna knižnica Dátum nadobudnutia Total checkouts Čiarový kód exemplára Date last seen Typ exemplára
      Dar Obecná knižnica Turčianska Štiavnička Obecná knižnica Turčianska Štiavnička 02.03.2026   4738000144 02.03.2026 Krásna literatúra pre deti
Projekt je podporený Slovenskou asociáciou knižníc
Prevádzkuje Turčianska knižnica Martin 2026